000 01015nam a22003017a 4500
001 9960
003 FISKH
005 20260319135304.0
008 260319b cb ||||| |||| 00| 0 eng d
020 _a9780807586815
040 _aFISKH
_beng
_cFISKH
_dFISKH
050 _aPZ7 .W244 .W
082 _a813.52
100 _aWarner, Gertrude Chandler
_eAuthor
245 _aWatch runs away /
_cCreated by Gertrude Chandler Warner ; illustrated by Daniel Mark Duffy
260 _aIllinois :
_bAlbert Whitman & Company ,
_c1999
300 _a32 unnumbered pages :
_bcolor illustrations ;
_c23 cm
490 _aAdventures of Benny and Watch :
_vBook 6
505 _aJ
520 _aBenny tries to figure out why his dog, Watch, keeps escaping from the yard.
521 8 _a480
_bLexile
521 8 _aJ
_bRaz-Plus
650 _aBeginner books
_vBeginning reader
650 _aEasy reader fiction
_vEarly chapter book
700 _aDuffy, Daniel Mark
_eIllustrator
942 _2ddc
_cBK
_n0
999 _c9960
_d9960